Biggest Companies and their CEO (15 sec. rush) - Statistics

General Stats
  • This quiz has been taken 107 times
  • The average score is 4 of 8
Answer Stats
Hint Answer % Correct
Microsoft Bill Gates
82%
Amazon Jeff Bezos
82%
Apple Tim Cook
76%
Berkshire Hathaway Warren Buffett
44%
Walmart Walton Family
36%
Alphabet Larry Page, Sergey Brin
32%
JPMorgan Chase Jamie Dimon
20%
Procter & Gamble Jon Moeller
16%
No matching quizzes found
Score Distribution
Percent of People with Each Score
Percentile by Number Answered
Your Score History
You have not taken this quiz